LEADER 01326nam0 22002891i 450 001 UON00482080 005 20231205105252.912 010 $a90-272-3003- 100 $a20171025d1975 |0itac50 ba 101 $aeng 102 $aNL 105 $a|||| ||||| 200 1 $aAnatomy of the verb$ethe Gothic verb as a model for a unified theory of aspect, actional types and verbal velocity$fAlbert L. Lloyd 210 $aAmsterdam$cJohn Benjamins B. V.$d1979 215 $aX, 350 p.$d23 cm. 316 $avalore stimato$5IT-UONSI Fil.GV/035 316 $avalore stimato$5IT-UONSI Fil.GV/012 410 1$1001UON00482081$12001 $aStudies In Language Companion Series (SLCS)$v4 620 $aNL$dAmsterdam$3UONL001817 700 1$aLloyd$bAlbert L.$3UONV149879$0165030 712 $aJohn Benjamins Publishing Company$3UONV256739$4650 801 $aIT$bSOL$c20250502$gRICA 912 $aUON00482080 950 $aSIBA - SISTEMA BIBLIOTECARIO DI ATENEO$dSI Fil.G V 035 $eSI LO 18882 5 035 valore stimato 950 $aSIBA - SISTEMA BIBLIOTECARIO DI ATENEO$dSI Fil.G V 012 $eSI LO 22369 5 012 valore stimato 996 $aAnatomy of the verb$9487150 997 $aUNIOR LEADER 01193nam0 22003133i 450 001 RMS1067885 005 20251003044345.0 010 $a1930110936 100 $a20090304d2003 ||||0itac50 ba 101 | $aeng 102 $aus 181 1$6z01$ai $bxxxe 182 1$6z01$an 200 1 $aAspectJ in action$epractical aspect-oriented programming$fRamnivas Laddad 210 $aGreenwich [USA]$cManning$dİ2003 215 $aXXX, 481 p.$cill.$d24 cm. 606 $aElaboratori elettronici$xProgrammazione$xLinguaggio Java$2FIR$3BVEC056690$9I 606 $aSiti web$xProgrammazione$xLinguaggi$2FIR$3LO1C960349$9I 676 $a005.13$9LINGUAGGI DI PROGRAMMAZIONE$v14 676 $a005.133$9SPECIFICI LINGUAGGI DI PROGRAMMAZIONE$v22 700 1$aLaddad$b, Ramnivas$3RMSV445606$4070$0771672 801 3$aIT$bIT-000000$c20090304 850 $aIT-BN0095 901 $bNAP 01$cSALA DING $n$ 912 $aRMS1067885 950 0$aBiblioteca Centralizzata di Ateneo$b1 v.$c1 v.$d 01SALA DING 005.13 LAD.as$e 0102 0000071985 VMA A4 1 v.$fY $h20090330$i20090330 977 $a 01 996 $aAspectJ in action$91574860 997 $aUNISANNIO